Využitie BCI vo VR

Gespeichert in:
Bibliographische Detailangaben
1. Verfasser: Szabados, Daniel (Verfasst von)
Weitere Verfasser: Vargic, Radoslav (Betreuung Doktorarbeit)
Format: Manuskript Buch
Sprache:Slowakisch
Veröffentlicht: 2019
Schlagworte:
Online-Zugang:http://is.stuba.sk/zp/portal_zp.pl?podrobnosti=154462
Tags: Tag hinzufügen
Keine Tags, Fügen Sie das erste Tag hinzu!

MARC

LEADER 00000ntm a22000003a 4500
001 stuzp66485
003 SK-STU
005 20190626143551.9
007 ta
008 150427s2015----xo-----f-mn---000-0-slo-d
040 |a STU  |b slo 
041 0 |a slo 
044 |a xo 
100 1 |a Szabados, Daniel  |u 037000  |k Z4  |4 aut  |U FEI Fakulta elektrotechniky a informatiky  |T FEI Ústav multimediálnych informačných a komunikačných technológií  |X 6307  |U E070  |Y 818  |7 A000006307 
242 0 1 |a Usage of Brain Computer Interface in Virtual Reality  |y eng 
245 1 0 |a Využitie BCI vo VR 
260 |c 2019 
300 |a 44 s. 
650 4 |a BCI  |2 slo 
650 4 |a VR  |2 slo 
650 4 |a EEG  |2 slo 
650 4 |a meranie koncentracie  |2 slo 
650 4 |a ganglion board  |2 slo 
650 4 |a knn  |2 slo 
650 4 |a BCi  |2 eng 
650 4 |a EEG  |2 eng 
650 4 |a VR  |2 eng 
650 4 |a measure attention  |2 eng 
650 4 |a kNN  |2 eng 
650 4 |a Ganglion board  |2 eng 
700 1 |a Vargic, Radoslav  |u 037000  |k Z1  |4 ths  |U FEI Fakulta elektrotechniky a informatiky  |T FEI Ústav multimediálnych informačných a komunikačných technológií  |X 1918  |U E070  |Y 818  |7 A000001918 
856 4 |u http://is.stuba.sk/zp/portal_zp.pl?podrobnosti=154462 
996 |b 284EP12204  |c E*DIPL- 12204  |l EE37  |s P  |a 0  |w stuzp66485_0001